Bacteriological examination of water supplies (Record no. 417046)

000 -LEADER
fixed length control field 00453cam a22001337a 4500
008 - FIXED-LENGTH DATA ELEMENTS--GENERAL INFORMATION
fixed length control field 180718b1957 xxu||||| |||| 00| 0 eng d
082 ## - DEWEY DECIMAL CLASSIFICATION NUMBER
Classification number V442x42 Un3
245 ## - TITLE STATEMENT
Title Bacteriological examination of water supplies
Statement of responsibility, etc. by Ministry of Health
260 ## - PUBLICATION, DISTRIBUTION, ETC.
Place of publication, distribution, etc. London
Name of publisher, distributor, etc. Her Mjesty's Stationery Office
Date of publication, distribution, etc. 1957
300 ## - PHYSICAL DESCRIPTION
Extent viii,52p.
500 ## - GENERAL NOTE
General note Report on public health and medical subjects no.71
650 ## - SUBJECT ADDED ENTRY--TOPICAL TERM
Topical term or geographic name entry element Water -- Microbiology
700 ## - ADDED ENTRY--PERSONAL NAME
Personal name U.K.Ministry of Health
Holdings
Withdrawn status Lost status Damaged status Not for loan Permanent Location Current Location Date acquired Full call number Barcode Date last seen Price effective from Koha item type
        Indian Institute of Public Administration Indian Institute of Public Administration 2009-03-20 V442x42 Un3 DA42 2018-07-21 2018-07-21 DA

Powered by Koha